| 000 | 01335cam a22002771i 4500 | ||
|---|---|---|---|
| 003 | SA-RiAUC | ||
| 005 | 20241229073020.0 | ||
| 008 | 241229s2003 su g 00010 ara c | ||
| 040 |
_aSA-RiIMS _bara _cSA-RiAUC _erda |
||
| 082 | 0 | 4 |
_a240 _qSA-RiAUC |
| 090 |
_a240 _bا ب ن ت |
||
| 100 | 1 |
_aابن تيمية، أحمد بن عبد الحليم بن عبد السلام، _d661-728 هجري _eمؤلف. |
|
| 245 | 1 | 0 |
_aاقتضاء الصراط المستقيم لمخالفة أصحاب الجحيم. _nالجزء الثاني / _cتأليف أحمد بن عبد الحليم بن عبد السلام بن تيمية ؛ تحقيق وتعليق ناصر بن عبد الكريم العقل. |
| 250 | _aالطبعة الرابعة. | ||
| 264 | 1 |
_aالرياض : _bمكتبة الرشد، _c1994. |
|
| 300 |
_a2 مجلد ؛ _c24 سم. |
||
| 336 |
_aنص _btxt _2rdacontent _3كتاب |
||
| 337 |
_aبدون وسيط _bn _2rdamedia |
||
| 338 |
_aمجلد _bnc _2rdacarrier |
||
| 650 | 7 |
_aعلم الكلام _2aucsh |
|
| 650 | 7 |
_aالولاء _2aucsh |
|
| 700 | 1 |
_aالعقل، ناصر بن عبد الكريم بن علي، _d1371 هجري- _eمحقق. |
|
| 830 | 0 |
_aسلسلة الرسائل الجامعية (دار الفضيلة للنشر والتوزيع) _v24 |
|
| 942 |
_2ddc _cBOOK |
||
| 949 |
_aSA-JeALM _d241229 _ukhaled123 _n1 |
||
| 999 |
_c4026 _d4026 |
||